Vista normal
Vista MARC
Entrada Materia (geográfica)
Número de registros utilizados en: 1
001 - CONTROL NUMBER
- control field: 100321
003 - CONTROL NUMBER IDENTIFIER
- control field: Co-BoUCM
005 - DATE AND TIME OF LATEST TRANSACTION
- control field: 20200310115249.0
008 - FIXED-LENGTH DATA ELEMENTS
- fixed length control field: 200310|| aca||aabn | a|a d
040 ## - CATALOGING SOURCE
- Original cataloging agency: Co-BoUCM
- Transcribing agency: Co-BoUCM
151 ## - HEADING--GEOGRAPHIC NAME
- Geographic name: Kosovo (República)
- General subdivision: Política y gobierno
670 ## - SOURCE DATA FOUND
- Source citation: Work cat.: (Co-BoUCM)317115: Unravelling liberal interventionism, 2019